000 00271 a2200109 4500
001 58694
082 _a621.382 LEB
090 _c36017
_d36017
100 _aLebow Irvin
245 _aUnderstanding digital transmission and recording
260 _aND
_bPrentic-Hall
_c1998
942 _aNUST-CAE
_k621.382 LEB
999 _c293767
_d293767